000 01251cam a2200361 i 4500
001 20765350
005 20250414204259.0
008 181203s2020 nyu 000 0 eng
010 _a 2018052791
020 _a978-1260548105
_q(alk. paper)
040 _aDLC
_beng
_cDLC
_erda
_dDLC
042 _apcc
050 0 0 _aHD30.2
_b.H32 2020
082 0 0 _a658.4038
_223
_bBAL
100 1 _aBaltzan, Paige,
_9128675
245 1 0 _aBusiness driven technology /
_cPaige Baltzan,
250 _a8th Edition.
260 _aNew York;
_bMcGraw-Hill Education,
_c2020.
300 _axxx, 510 p.
_c29 cm
336 _atext
_btxt
_2rdacontent
337 _aunmediated
_bn
_2rdamedia
338 _avolume
_bnc
_2rdacarrier
500 _aRevised edition of the author's Business driven technology, [2018]
504 _6Includes index
563 _aPB
650 0 _aInformation technology
_xManagement.
650 0 _aManagement information systems.
650 0 _aInformation resources management.
_912474
650 0 _aIndustrial management
_xTechnological innovations.
_9128676
906 _a7
_bcbc
_corignew
_d1
_eecip
_f20
_gy-gencatlg
942 _2ddc
_cBK
999 _c613575
_d613575